[Event "23rd European Teams"]
[Site "Terme Catez SLO"]
[Date "2021.11.16"]
[Round "5.9"]
[Board "1"]
[White "Navara, David"]
[Black "Mikhalevski, Victor"]
[Result "1/2-1/2"]
[WhiteTitle "GM"]
[BlackTitle "GM"]
[WhiteElo "2699"]
[BlackElo "2559"]
[WhiteTeam "Czech Republic"]
[BlackTeam "Israel"]
[WhiteFideId "309095"]
[BlackFideId "2801914"]
[EventDate "2021.11.12"]

1. Nf3 d5 2. d4 e6 3. c4 a6 4. cxd5 exd5 5. Nc3 Nf6 6. Bg5 Be6 7. e3 Nbd7 8. h3
c6 9. Bd3 Bd6 10. Bf4 Qc7 11. Qd2 O-O 12. O-O Nb6 13. b3 Rae8 14. a4 Nc8 15. Be5
Kh8 16. Qc2 Bxe5 17. Nxe5 Nd6 18. Rfc1 a5 19. Nb5 Qe7 20. Nxd6 Qxd6 21. Qd2 Ra8
22. Rc5 Qc7 23. b4 axb4 24. Qxb4 Nd7 25. Nxd7 Bxd7 26. Rb1 Qd6 27. Bc2 Ra7 28.
Qb6 Rfa8 29. Rbb5 Qb8 30. Ra5 g6 31. Bd1 Kg8 32. Rxa7 Qxa7 33. Qc7 b6 34. Qxa7
Rxa7 35. Rc1 h5 36. Rb1 Ra6 37. Be2 Rxa4 38. Rxb6 Ra1+ 39. Kh2 Ra2 40. Bf3 Rxf2
41. e4 dxe4 42. Bxe4 Rf4 43. Bxc6 Bxc6 44. Rxc6 Rxd4 45. Kg3 h4+ 46. Kf3 Kg7 47.
Rc7 g5 48. Rc6 Rf4+ 49. Ke3 f6 50. Rc8 Kg6 51. Rg8+ Kf5 52. Ra8 Re4+ 53. Kf3 Rd4
54. Ra5+ Ke6 55. Ra6+ Ke5 56. Ra5+ Rd5 57. Ra3 Rc5 58. Ke3 Rb5 59. Kf3 Rd5 60.
Ke3 Rc5 61. Kf3 Kd4 62. Ra4+ Kd5 63. Ra3 Rb5 64. Re3 Rb4 65. Rd3+ Rd4 66. Ra3
Rd1 67. Ra5+ Kd4 68. Ra4+ Kd3 69. Ra3+ Kd4 70. Ra4+ Ke5 71. Ra5+ Rd5 72. Ra3 f5
73. Re3+ Kd4 74. Re8 Rc5 75. Rd8+ Ke5 76. Re8+ Kf6 77. Rf8+ Kg7 78. Ra8 Rc3+ 79.
Kf2 Kf6 80. Ra6+ Ke5 81. Ra5+ Ke4 82. Ra4+ Kd5 83. Ra8 Ke4 84. Ra4+ Kd3 85. Ra5
g4 86. Rxf5 Rc2+ 87. Kg1 Rc1+ 88. Rf1 Rxf1+ 89. Kxf1 g3 90. Ke1 Ke3 91. Kf1 Kd2
92. Kg1 Ke2 93. Kh1 Kf2 1/2-1/2

[Event "23rd European Teams"]
[Site "Terme Catez SLO"]
[Date "2021.11.16"]
[Round "5.9"]
[Board "2"]
[White "Smirin, Ilia"]
[Black "Nguyen, Thai Dai Van"]
[Result "1/2-1/2"]
[WhiteTitle "GM"]
[BlackTitle "GM"]
[WhiteElo "2616"]
[BlackElo "2594"]
[WhiteTeam "Israel"]
[BlackTeam "Czech Republic"]
[WhiteFideId "2801990"]
[BlackFideId "358878"]
[EventDate "2021.11.12"]

1. e4 e5 2. Nf3 Nf6 3. Nxe5 d6 4. Nf3 Nxe4 5. c4 Nc6 6. d3 Nf6 7. d4 Be7 8. Nc3
O-O 9. d5 Ne5 10. Be2 Nxf3+ 11. Bxf3 Bf5 12. O-O Nd7 13. Be4 Bxe4 14. Nxe4 Nc5
15. Nxc5 dxc5 16. Bf4 Bd6 17. Qd2 Bxf4 18. Qxf4 Qd6 19. Qxd6 cxd6 20. Rfe1 Rfe8
21. f3 Kf8 22. Kf2 a6 23. Rxe8+ Kxe8 24. a4 Rb8 25. g4 Kd7 26. h4 Kc7 27. Re1
Kd7 28. Ra1 Kc7 29. Re1 Kd7 1/2-1/2

[Event "23rd European Teams"]
[Site "Terme Catez SLO"]
[Date "2021.11.16"]
[Round "5.10"]
[Board "1"]
[White "Mastrovasilis, Dimitrios"]
[Black "Saric, Ivan"]
[Result "1-0"]
[WhiteTitle "GM"]
[BlackTitle "GM"]
[WhiteElo "2619"]
[BlackElo "2665"]
[WhiteTeam "Greece"]
[BlackTeam "Croatia"]
[WhiteFideId "4202694"]
[BlackFideId "14508150"]
[EventDate "2021.11.12"]

1. e4 c5 2. Nf3 d6 3. Bb5+ Bd7 4. Bxd7+ Qxd7 5. O-O Nf6 6. Qe2 Nc6 7. c3 e6 8.
d4 cxd4 9. cxd4 d5 10. e5 Ne4 11. Nbd2 Nxd2 12. Bxd2 Be7 13. Rac1 O-O 14. Rc3
Rfc8 15. h4 a5 16. a3 a4 17. h5 h6 18. Rd3 Kh8 19. Ne1 f5 20. exf6 Bxf6 21. Bc3
Na7 22. Nf3 Nb5 23. Bb4 Nd6 24. Bxd6 Qxd6 25. Re3 Ra6 26. Re1 Rcc6 27. Ne5 Bxe5
28. Rxe5 Qf8 29. Qg4 Qf6 30. f4 Ra8 31. f5 Rf8 32. Rf1 Kg8 33. Rf3 Rc1+ 34. Kh2
Qe7 35. Rxe6 Qc7+ 36. Rg3 Rf1 37. Re5 g5 38. fxg6 R8f4 39. Qe6+ Kg7 40. Qe7+
Qxe7 41. Rxe7+ Kg8 42. Re8+ Kg7 43. Rc3 1-0

[Event "23rd European Teams"]
[Site "Terme Catez SLO"]
[Date "2021.11.16"]
[Round "5.10"]
[Board "2"]
[White "Brkic, Ante"]
[Black "Pavlidis, Antonios"]
[Result "0-1"]
[WhiteTitle "GM"]
[BlackTitle "GM"]
[WhiteElo "2599"]
[BlackElo "2536"]
[WhiteTeam "Croatia"]
[BlackTeam "Greece"]
[WhiteFideId "14506688"]
[BlackFideId "4212312"]
[EventDate "2021.11.12"]

1. e4 e5 2. Nf3 Nc6 3. Bb5 a6 4. Ba4 Nf6 5. O-O Nxe4 6. d4 Be7 7. Re1 b5 8. Rxe4
d5 9. Nxe5 Nxe5 10. Rxe5 bxa4 11. Qe2 Be6 12. f4 Kf8 13. f5 Bd7 14. Nc3 f6 15.
Re3 Bxf5 16. Bd2 Bb4 17. Nxa4 Bd6 18. c4 Qd7 19. b3 dxc4 20. Re1 Rd8 21. Nb2
cxb3 22. axb3 h5 23. Kh1 Kg8 24. Nc4 Bf8 25. Ba5 h4 26. h3 Bg6 27. Rf1 Rh5 28.
Rf4 Bf7 29. Be1 c5 30. d5 Qxd5 31. Rxh4 Rxh4 32. Bxh4 Qd4 33. Bg3 Qa1+ 34. Kh2
Rd1 35. Bc7 Qc1 36. Qb2 Rh1+ 37. Kg3 Qg1 38. Bf4 g5 39. Qxf6 Qh2+ 40. Kg4 Qxf4+
41. Qxf4 gxf4 42. Re5 Bxc4 43. bxc4 a5 44. Rg5+ Kf7 45. Rf5+ Ke8 46. Rxf4 a4 47.
Rf6 Rc1 48. Ra6 Rxc4+ 49. Kf5 Rh4 50. g4 Rxh3 51. Rxa4 Kf7 52. g5 Rf3+ 53. Kg4
Rf1 54. Ra7+ Kg6 55. Ra6+ Kg7 56. Rc6 Be7 57. Rc7 Rg1+ 58. Kf5 Kf7 0-1

[Event "23rd European Teams"]
[Site "Terme Catez SLO"]
[Date "2021.11.16"]
[Round "5.10"]
[Board "4"]
[White "Martinovic, Sasa"]
[Black "Kelires, Andreas"]
[Result "1/2-1/2"]
[WhiteTitle "GM"]
[BlackTitle "GM"]
[WhiteElo "2542"]
[BlackElo "2535"]
[WhiteTeam "Croatia"]
[BlackTeam "Greece"]
[WhiteFideId "14509792"]
[BlackFideId "5900727"]
[EventDate "2021.11.12"]

1. Nf3 d5 2. g3 Nd7 3. d4 Nb6 4. Nbd2 Nf6 5. Bg2 Bf5 6. Nh4 e6 7. Nxf5 exf5 8.
O-O Be7 9. c4 c6 10. cxd5 cxd5 11. Nb3 Ne4 12. Nc5 Rb8 13. Be3 O-O 14. Rc1 Bg5
15. Bxg5 Qxg5 16. a4 Qe7 17. Qd3 Rbc8 18. b3 Rc7 19. a5 Nc8 20. Nxe4 dxe4 21.
Qb5 Nd6 22. Rxc7 Qxc7 23. Qc5 Rc8 24. Qb4 g6 25. e3 Ne8 26. d5 Nd6 27. Rd1 Qc5
28. Qd2 Qc3 29. Bf1 Qxd2 30. Rxd2 Kg7 31. Rd4 Kf6 32. Kg2 Ke5 33. b4 Rc2 34. h3
h6 35. Rd1 g5 36. h4 Rb2 37. b5 Rc2 38. a6 b6 39. hxg5 hxg5 40. Kg1 Rc5 41. Kg2
Nc8 42. Be2 Nd6 43. Rh1 Nxb5 44. Bxb5 Rxb5 45. Rh7 Ra5 46. Rxf7 Rxa6 47. d6 Ra5
48. d7 Rd5 49. Re7+ Kf6 50. d8=Q Rxd8 51. Rxa7 Rb8 52. Ra4 b5 53. Rb4 Ke5 54. g4
f4 55. exf4+ gxf4 56. f3 e3 57. Kf1 Kd5 58. Ke2 Kc5 59. Rxf4 b4 60. Rf7 b3 61.
Rc7+ Kd4 62. Rc1 b2 63. Rb1 Rb3 64. f4 Ke4 65. f5 Rb8 66. f6 Rh8 67. f7 Rh2+ 68.
Kf1 Rh1+ 69. Kg2 Rxb1 70. f8=Q Rg1+ 71. Kxg1 b1=Q+ 72. Qf1 Qb8 73. Qf5+ Kd4 74.
Kf1 Qg3 75. Qd7+ Ke4 76. Qf5+ Kd4 77. Qd7+ Ke4 1/2-1/2

[Event "23rd European Teams"]
[Site "Terme Catez SLO"]
[Date "2021.11.16"]
[Round "5.11"]
[Board "1"]
[White "Yilmaz, Mustafa"]
[Black "Andersen, Mads"]
[Result "1/2-1/2"]
[WhiteTitle "GM"]
[BlackTitle "GM"]
[WhiteElo "2626"]
[BlackElo "2575"]
[WhiteTeam "Turkey"]
[BlackTeam "Denmark"]
[WhiteFideId "6302718"]
[BlackFideId "1413864"]
[EventDate "2021.11.12"]

1. d4 d5 2. c4 dxc4 3. e4 b5 4. a4 c6 5. axb5 cxb5 6. Nc3 Qb6 7. Be3 e6 8. d5
Bc5 9. Bxc5 Qxc5 10. Nf3 a6 11. dxe6 Ra7 12. Qd4 Qxd4 13. Nxd4 Rc7 14. Nd5 Rb7
15. exf7+ Kxf7 16. b3 cxb3 17. Nxb3 Be6 18. Nc5 Bxd5 19. Nxb7 Bxb7 20. Bxb5 Bxe4
21. Bc4+ Kg6 22. f3 Bc6 23. Bd3+ Kf7 24. Bc4+ Kg6 25. Bd3+ Kf7 26. Bc4+ Kg6 1/2-1/2

[Event "23rd European Teams"]
[Site "Terme Catez SLO"]
[Date "2021.11.16"]
[Round "5.11"]
[Board "2"]
[White "Thybo, Jesper Sondergaard"]
[Black "Can, Emre"]
[Result "1/2-1/2"]
[WhiteTitle "GM"]
[BlackTitle "GM"]
[WhiteElo "2604"]
[BlackElo "2570"]
[WhiteTeam "Denmark"]
[BlackTeam "Turkey"]
[WhiteFideId "1438832"]
[BlackFideId "6302181"]
[EventDate "2021.11.12"]

1. d4 d5 2. c4 e6 3. Nf3 Nf6 4. g3 dxc4 5. Bg2 c5 6. O-O Nc6 7. dxc5 Bxc5 8.
Qxd8+ Kxd8 9. Nbd2 Ke7 10. Nxc4 Bd7 11. b3 Rac8 12. Bb2 Rhd8 13. Rfd1 Be8 14.
Rxd8 Rxd8 15. Rc1 b6 16. a3 Bd4 17. b4 Bxb2 18. Nxb2 Nd5 19. Nd3 Kf8 20. b5 Nce7
21. a4 Rc8 22. Ra1 f6 23. Bh3 Bd7 24. e4 Nc3 25. Nf4 Kf7 26. Nd4 f5 27. exf5
exf5 28. Nf3 Kf6 29. Re1 Ng6 30. Nh5+ Kf7 31. Bf1 h6 32. Nd4 Nf8 33. Bd3 g6 34.
Nf4 Nxa4 35. Ra1 Nc5 36. Bc4+ Nce6 37. Rxa7 Rxc4 38. Ndxe6 Nxe6 39. Rxd7+ Ke8
40. Rd6 Nxf4 41. gxf4 Kf7 42. Rxb6 Rxf4 43. Rc6 Rb4 44. b6 h5 45. Kf1 Rb2 46. h4
Rb4 47. Rc7+ Ke6 48. b7 Rb2 49. Ke1 Kd6 50. Rg7 Ke5 51. Kd1 Kf4 52. Kc1 Rb6 53.
Kc2 Kf3 54. Rd7 Kg4 55. Kc3 f4 56. Rf7 g5 57. hxg5 Kxg5 58. f3 h4 59. Kc4 h3 60.
Kc5 Rb1 61. Kc6 h2 62. Rh7 Rc1+ 63. Kd6 Rb1 64. Kc6 Rc1+ 65. Kd6 Rb1 66. Kc6 1/2-1/2

[Event "23rd European Teams"]
[Site "Terme Catez SLO"]
[Date "2021.11.16"]
[Round "5.11"]
[Board "3"]
[White "Sanal, Vahap"]
[Black "Bjerre, Jonas Buhl"]
[Result "1-0"]
[WhiteTitle "GM"]
[BlackTitle "GM"]
[WhiteElo "2590"]
[BlackElo "2569"]
[WhiteTeam "Turkey"]
[BlackTeam "Denmark"]
[WhiteFideId "6300545"]
[BlackFideId "1444948"]
[EventDate "2021.11.12"]

1. e4 c5 2. Nf3 d6 3. Bb5+ Nd7 4. d4 cxd4 5. Nxd4 Nf6 6. Bd3 Nc5 7. Nc3 e6 8.
O-O Be7 9. Re1 Nxd3 10. Qxd3 O-O 11. Bg5 h6 12. Bh4 Qb6 13. a4 Bd7 14. a5 Qa6
15. Ncb5 Rfc8 16. c4 b6 17. Bxf6 Bxf6 18. Nxd6 Rd8 19. N4b5 Bxb5 20. cxb5 Qc8
21. e5 Qd7 22. Rad1 Be7 23. a6 Bxd6 24. exd6 Rac8 25. b4 f6 26. h3 e5 27. f4 Qe6
28. fxe5 fxe5 29. Qd5 Qxd5 30. Rxd5 Rd7 31. Rexe5 Kf7 32. Rd3 Rcd8 33. Rf3+ Kg8
34. Re6 Kh7 35. Rd3 Kg8 36. Re7 Kh7 37. Kh2 h5 38. Rxd7 Rxd7 39. Kg3 Kg6 40. Kf4
Kf6 41. h4 g6 42. Rd2 1-0

[Event "23rd European Teams"]
[Site "Terme Catez SLO"]
[Date "2021.11.16"]
[Round "5.12"]
[Board "1"]
[White "Lenic, Luka"]
[Black "Subelj, Jan"]
[Result "1-0"]
[WhiteTitle "GM"]
[BlackTitle "IM"]
[WhiteElo "2633"]
[BlackElo "2458"]
[WhiteTeam "Slovenia 1"]
[BlackTeam "Slovenia 2"]
[WhiteFideId "14603853"]
[BlackFideId "14618583"]
[EventDate "2021.11.12"]

1. d4 Nf6 2. c4 e6 3. Nc3 Bb4 4. e3 b6 5. Ne2 Ba6 6. a3 Be7 7. Nf4 d5 8. cxd5
Bxf1 9. dxe6 Ba6 10. exf7+ Kxf7 11. e4 Bc4 12. Be3 Nbd7 13. b3 Ba6 14. e5 Nxe5
15. dxe5 Qxd1+ 16. Rxd1 Ng4 17. e6+ Kf8 18. Rd7 Nf6 19. Rxc7 Ne8 20. Ncd5 Nxc7
21. Nxc7 Bb7 22. Nxa8 Bxa8 23. O-O Bd6 24. Nh5 Ke7 25. Re1 Kxe6 26. Bf4+ 1-0

[Event "23rd European Teams"]
[Site "Terme Catez SLO"]
[Date "2021.11.16"]
[Round "5.12"]
[Board "4"]
[White "Brilej, Jaka"]
[Black "Janzelj, Tim"]
[Result "1-0"]
[WhiteTitle "FM"]
[BlackTitle "IM"]
[WhiteElo "2341"]
[BlackElo "2474"]
[WhiteTeam "Slovenia 2"]
[BlackTeam "Slovenia 1"]
[WhiteFideId "14618818"]
[BlackFideId "14607913"]
[EventDate "2021.11.12"]

1. e4 d6 2. d4 Nf6 3. Nc3 e5 4. Nge2 c6 5. f3 Be7 6. Be3 O-O 7. Qd2 Nbd7 8. Ng3
b5 9. Nf5 b4 10. Na4 exd4 11. Qxd4 c5 12. Qd2 Ne5 13. Nxe7+ Qxe7 14. a3 Rb8 15.
axb4 Rxb4 16. b3 Ned7 17. Bc4 Rb8 18. O-O Rd8 19. Rfd1 Nb6 20. Bxc5 Nxc4 21.
bxc4 Ne8 22. Nc3 a6 23. Nd5 Qe6 24. Bd4 Rd7 25. Qc3 f6 26. c5 dxc5 27. Qxc5 Bb7
28. c4 Nd6 29. Nb6 Rf7 30. Bf2 Nxe4 31. fxe4 Qxe4 32. Nd5 Rc8 33. Re1 Qg4 34. h3
Qg6 35. Qe3 h6 36. Rac1 Kh7 37. Qg3 Qh5 38. Nf4 Qa5 39. c5 Qa4 40. Ne6 Kg8 41.
Nd4 f5 42. Qb3 Qd7 43. Qe6 Be4 44. Qxd7 Rxd7 45. Ne2 Rf7 46. Nc3 Bc6 47. Rcd1 f4
48. Nd5 Kf8 49. Nb6 Re8 50. Rxe8+ Kxe8 51. Rd6 Rc7 52. Bd4 Bb7 53. Nc4 Ke7 54.
Na5 Bc8 55. Kf2 h5 56. Kf3 g5 57. Rg6 g4+ 58. hxg4 1-0

[Event "23rd European Teams"]
[Site "Terme Catez SLO"]
[Date "2021.11.16"]
[Round "5.13"]
[Board "3"]
[White "Sonis, Francesco"]
[Black "Nyysti, Sampsa"]
[Result "0-1"]
[WhiteTitle "IM"]
[BlackTitle "IM"]
[WhiteElo "2536"]
[BlackElo "2325"]
[WhiteTeam "Italy"]
[BlackTeam "Finland"]
[WhiteFideId "895733"]
[BlackFideId "502138"]
[EventDate "2021.11.12"]

1. Nf3 Nf6 2. c4 b6 3. g3 c5 4. Bg2 Bb7 5. O-O e6 6. Nc3 d6 7. Re1 Be7 8. e4 e5
9. d3 Nc6 10. Nd5 O-O 11. a3 Nxd5 12. cxd5 Nb8 13. Nd2 Nd7 14. b4 Bg5 15. Nc4
Bxc1 16. Rxc1 Qc7 17. f4 exf4 18. gxf4 Rae8 19. d4 Ba6 20. Nd2 Qd8 21. Nf3 cxb4
22. axb4 Nf6 23. Nd2 Bb5 24. Qf3 Re7 25. e5 Ne8 26. f5 f6 27. e6 g6 28. Ne4 Kh8
29. Qh3 g5 30. Qh6 Ng7 31. Bh3 Bd3 32. Nxf6 Bxf5 33. Rf1 Bg6 34. Bg4 Rc7 35.
Rxc7 Qxc7 36. Qh3 Qe7 37. Nd7 Rxf1+ 38. Qxf1 Ne8 39. Qf3 Kg7 40. Qe3 h6 41. Bf3
Nf6 42. Nxf6 Qxf6 43. Qc3 Be8 44. Qc7+ Kg6 45. Be4+ Kh5 46. Qc3 Qf4 47. Qh3+ Qh4
48. Qd3 Qg4+ 49. Kf2 Qf4+ 50. Kg2 g4 51. b5 Kg5 52. Kg1 h5 53. e7 h4 54. Bg2 g3
55. hxg3 hxg3 56. Bf3 Bxb5 57. Qc3 Kf6 58. Qe1 Qxd4+ 59. Kg2 Qf2+ 0-1

[Event "23rd European Teams"]
[Site "Terme Catez SLO"]
[Date "2021.11.16"]
[Round "5.14"]
[Board "1"]
[White "Ragger, Markus"]
[Black "Laurusas, Tomas"]
[Result "1/2-1/2"]
[WhiteTitle "GM"]
[BlackTitle "IM"]
[WhiteElo "2668"]
[BlackElo "2553"]
[WhiteTeam "Austria"]
[BlackTeam "Lithuania"]
[WhiteFideId "1610856"]
[BlackFideId "12803731"]
[EventDate "2021.11.12"]

1. e4 e5 2. Nf3 Nf6 3. Nxe5 d6 4. Nf3 Nxe4 5. d4 d5 6. Bd3 Nc6 7. O-O Be7 8.
Nbd2 Bf5 9. Re1 Nxd2 10. Qxd2 Bxd3 11. Qxd3 O-O 12. c3 Qd7 13. Bf4 a6 14. Re2
Rae8 15. Rae1 Bd8 16. h4 Rxe2 17. Qxe2 Qf5 18. Bg3 f6 19. Nd2 Rf7 20. Nf1 Qd7
21. Ne3 Ne7 22. Qf3 c6 23. h5 Bc7 24. h6 Bxg3 25. Qxg3 f5 26. hxg7 Ng6 27. Nc2
f4 28. Qg5 Kxg7 29. Nb4 h6 30. Qh5 Re7 31. Rxe7+ Qxe7 32. Nd3 Qe4 33. Qh3 h5 34.
Kf1 Kh6 35. Qf3 Qf5 36. Ke2 Kg5 37. g3 a5 38. Kd2 fxg3 39. Qe3+ Kf6 40. fxg3 b6
41. a4 Qf1 42. Qe2 Qxe2+ 43. Kxe2 b5 44. b3 bxa4 45. bxa4 Ne7 46. Nc5 Nc8 47.
Nb3 1/2-1/2

[Event "23rd European Teams"]
[Site "Terme Catez SLO"]
[Date "2021.11.16"]
[Round "5.14"]
[Board "3"]
[White "Blohberger, Felix"]
[Black "Klabis, Rokas"]
[Result "1-0"]
[WhiteTitle "IM"]
[BlackTitle "FM"]
[WhiteElo "2490"]
[BlackElo "2353"]
[WhiteTeam "Austria"]
[BlackTeam "Lithuania"]
[WhiteFideId "1632051"]
[BlackFideId "12805246"]
[EventDate "2021.11.12"]

1. d4 Nf6 2. c4 e6 3. Nc3 Bb4 4. f3 d5 5. a3 Bxc3+ 6. bxc3 c5 7. cxd5 exd5 8. e3
c4 9. Ne2 Nc6 10. g4 O-O 11. Bg2 Na5 12. Nf4 Nb3 13. Ra2 a5 14. O-O Rb8 15. e4
Nxc1 16. Qxc1 dxe4 17. fxe4 b5 18. e5 Nxg4 19. Bf3 Qh4 20. Rg2 Nh6 21. Nh5 Nf5
22. Kh1 Rb6 23. Rfg1 Rg6 24. Nf4 Rh6 25. Qd2 Qe7 26. Nd5 Qh4 27. Nf4 Qe7 28. Nd5
Qh4 29. Rg4 Qh3 30. Qf2 Bb7 31. Nf6+ Kh8 32. Bxb7 gxf6 33. Be4 Ne7 34. exf6 Ng6
35. R1g3 Qh5 36. Rg5 Qh4 37. R5g4 Qh5 38. Rg5 Qh4 39. Bxg6 Rxg6 40. Rxb5 Qxf6
41. Qxf6+ Rxf6 42. Rxa5 Re8 43. Rc5 h6 44. Rxc4 Rf2 45. d5 Re1+ 46. Rg1 Ree2 47.
Rh4 Kh7 48. Rd1 f5 49. d6 Re8 50. d7 Rd8 51. Rc4 1-0

[Event "23rd European Teams"]
[Site "Terme Catez SLO"]
[Date "2021.11.16"]
[Round "5.15"]
[Board "1"]
[White "Mehmeti, Dritan"]
[Black "Bogner, Sebastian"]
[Result "0-1"]
[WhiteTitle "IM"]
[BlackTitle "GM"]
[WhiteElo "2391"]
[BlackElo "2574"]
[WhiteTeam "Albania"]
[BlackTeam "Switzerland"]
[WhiteFideId "4700600"]
[BlackFideId "4692055"]
[EventDate "2021.11.12"]

1. d4 Nf6 2. Nf3 e6 3. Bf4 d5 4. e3 Bd6 5. Bg3 O-O 6. Bd3 c5 7. c3 Qc7 8. Nbd2
Nbd7 9. O-O Bxg3 10. hxg3 e5 11. e4 dxe4 12. Nxe4 Nxe4 13. Bxe4 Nf6 14. Qc2 Nxe4
15. Qxe4 exd4 16. cxd4 cxd4 17. Ng5 g6 18. Qxd4 Bf5 19. Rfe1 Rfd8 20. Qh4 h5 21.
Rac1 Qd6 22. Ne4 Bxe4 23. Qxe4 Rd7 24. Qa4 Re7 25. Rxe7 Qxe7 26. Rd1 Qe2 27. Qd4
Rc8 28. a3 b6 29. b4 Rc4 30. Qd3 Qxd3 31. Rxd3 Rc1+ 32. Kh2 Ra1 33. f3 Kg7 34.
g4 hxg4 35. fxg4 Kf6 36. Kg3 Ke5 37. Re3+ Kd4 38. Rf3 g5 39. Kh3 Rh1+ 40. Kg3
Ra1 41. Kh3 Kc4 42. g3 b5 43. Rxf7 Rxa3 44. Rf5 Kxb4 45. Rxg5 Ra6 46. Rf5 Rh6+
47. Rh5 Rg6 48. g5 a5 49. Kg4 a4 50. Kf5 Rg8 51. g6 a3 52. Kf6 a2 53. Rh1 Ka3
54. Kf7 Rb8 0-1

[Event "23rd European Teams"]
[Site "Terme Catez SLO"]
[Date "2021.11.16"]
[Round "5.15"]
[Board "2"]
[White "Pelletier, Yannick"]
[Black "Pasko, Llambi"]
[Result "1/2-1/2"]
[WhiteTitle "GM"]
[BlackTitle "IM"]
[WhiteElo "2564"]
[BlackElo "2417"]
[WhiteTeam "Switzerland"]
[BlackTeam "Albania"]
[WhiteFideId "1301837"]
[BlackFideId "4701178"]
[EventDate "2021.11.12"]

1. d4 d5 2. c4 c6 3. Nf3 Nf6 4. Nc3 e6 5. Bg5 Nbd7 6. e3 Qa5 7. Nd2 Bb4 8. Qc2
dxc4 9. Bxf6 Nxf6 10. Nxc4 Qd5 11. O-O-O Bxc3 12. Qxc3 O-O 13. f3 c5 14. e4 cxd4
15. Qxd4 Qxd4 16. Rxd4 Bd7 17. Nd6 Bc6 18. Bb5 Bxb5 19. Nxb5 Rfc8+ 20. Kb1 Kf8
21. Ra4 a6 22. Nd6 Rc7 23. Rc1 Rd7 24. e5 Ne8 25. Ne4 Rad8 26. g3 Ke7 27. b3 Rc7
28. Rxc7+ Nxc7 29. Nd6 b5 30. Rg4 Rg8 31. Ne4 h5 32. Rh4 g6 33. g4 Nd5 34. gxh5
gxh5 35. Ng3 b4 36. Rxh5 Nc3+ 37. Kc2 Nxa2 38. Ne4 Nc3 39. Nd6 Nb5 40. Nxb5 axb5
41. Rh4 Rc8+ 42. Kd2 Rc3 43. Rxb4 Rxf3 44. Rxb5 Rh3 45. Rb7+ Kf8 46. b4 Kg7 47.
Rc7 Kg6 48. b5 Rxh2+ 49. Kc3 Rh1 50. b6 Rb1 51. b7 f6 52. exf6 Kxf6 53. Kd4 Kf5
54. Rf7+ Kg6 55. Rd7 Kf5 56. Kc5 e5 57. Kc6 Rc1+ 58. Kd6 Rd1+ 59. Kc7 Rc1+ 60.
Kd8 Rb1 61. Kc8 e4 62. b8=Q Rxb8+ 63. Kxb8 e3 64. Re7 Kf4 65. Kc7 Kf3 66. Kd6 e2
67. Rxe2 Kxe2 68. Kd5 1/2-1/2

[Event "23rd European Teams"]
[Site "Terme Catez SLO"]
[Date "2021.11.16"]
[Round "5.16"]
[Board "3"]
[White "Makolli, Perparim"]
[Black "Verstraeten, Rein"]
[Result "1/2-1/2"]
[WhiteTitle "FM"]
[BlackTitle "IM"]
[WhiteElo "2245"]
[BlackElo "2386"]
[WhiteTeam "Kosovo"]
[BlackTeam "Belgium"]
[WhiteFideId "908630"]
[BlackFideId "223654"]
[EventDate "2021.11.12"]

1. e4 c5 2. Nf3 d6 3. d4 Nf6 4. Nc3 cxd4 5. Nxd4 a6 6. Bg5 e6 7. f4 Nbd7 8. Qf3
Qc7 9. O-O-O b5 10. e5 Bb7 11. Qh3 dxe5 12. Nxe6 fxe6 13. Qxe6+ Be7 14. Bxb5
axb5 15. Nxb5 Qc6 16. Nd6+ Kd8 17. fxe5 Kc7 18. Bxf6 gxf6 19. Qxe7 Rxa2 20. Nxb7
Ra1+ 21. Kd2 Qxg2+ 22. Ke3 Qg5+ 23. Ke2 Qg2+ 24. Ke3 Qg5+ 25. Ke2 Qg2+ 26. Ke3 1/2-1/2

[Event "23rd European Teams"]
[Site "Terme Catez SLO"]
[Date "2021.11.16"]
[Round "5.17"]
[Board "1"]
[White "Grandelius, Nils"]
[Black "Djukic, Nikola"]
[Result "1/2-1/2"]
[WhiteTitle "GM"]
[BlackTitle "GM"]
[WhiteElo "2669"]
[BlackElo "2519"]
[WhiteTeam "Sweden"]
[BlackTeam "Montenegro"]
[WhiteFideId "1710400"]
[BlackFideId "922412"]
[EventDate "2021.11.12"]

1. d4 Nf6 2. Nf3 g6 3. Bg5 Bg7 4. Nbd2 O-O 5. c3 d6 6. e4 c5 7. dxc5 dxc5 8. Be2
Nc6 9. O-O Qc7 10. Qc2 h6 11. Bh4 Nh5 12. Nc4 b6 13. Rfe1 Bb7 14. a4 g5 15. Bg3
Nxg3 16. hxg3 e6 17. a5 Nxa5 18. Nxa5 bxa5 19. Nd2 Rab8 20. Nc4 Ba6 21. Ra3 Bb5
22. b3 a4 23. bxa4 Bxc4 24. Bxc4 Rfd8 25. Qe2 Qd6 26. Rc1 Qd2 27. Qxd2 Rxd2 28.
Ra2 Rxa2 29. Bxa2 Rb2 30. Bc4 Be5 31. g4 a5 32. g3 Kg7 33. Kg2 Kg6 34. Kf3 h5
35. gxh5+ Kxh5 36. Ke3 g4 37. Rh1+ Kg5 38. Rh7 Rc2 39. Bb5 Rxc3+ 40. Ke2 Kg6 41.
Rh4 Kg5 42. Rh7 f5 43. exf5 exf5 44. Rf7 Rc2+ 45. Kf1 c4 46. Bd7 Bf6 47. Rf8 Kg6
48. Be8+ Kg7 49. Rf7+ Kg6 50. Rf8+ Kg7 51. Rf7+ Kg6 52. Rf8+ 1/2-1/2

[Event "23rd European Teams"]
[Site "Terme Catez SLO"]
[Date "2021.11.16"]
[Round "5.17"]
[Board "3"]
[White "Blomqvist, Erik"]
[Black "Blagojevic, Dragisa"]
[Result "0-1"]
[WhiteTitle "GM"]
[BlackTitle "GM"]
[WhiteElo "2542"]
[BlackElo "2467"]
[WhiteTeam "Sweden"]
[BlackTeam "Montenegro"]
[WhiteFideId "1709437"]
[BlackFideId "900885"]
[EventDate "2021.11.12"]

1. e4 e5 2. Nf3 Nc6 3. Bb5 a6 4. Ba4 Bc5 5. c3 Nge7 6. d4 exd4 7. cxd4 Bb4+ 8.
Bd2 Bxd2+ 9. Qxd2 d5 10. exd5 Qxd5 11. O-O Be6 12. Nc3 Qh5 13. Ne5 O-O 14. Bxc6
Nxc6 15. Nxc6 bxc6 16. Rfe1 Rfd8 17. Qf4 Qa5 18. Rad1 Qb4 19. Rd2 c5 20. Re4
Rxd4 21. Rexd4 cxd4 22. Qxd4 Qxd4 23. Rxd4 Kf8 24. Kf1 Rb8 25. b3 c5 26. Ra4 Rb6
27. Ke2 Ke7 28. Ke3 Rc6 29. Ra5 f5 30. h4 g6 31. Ne2 Kf6 32. Kd2 g5 33. hxg5+
Kxg5 34. Kc3 Bd5 35. g3 Kg4 36. Nf4 Be4 37. Ra4 Kf3 38. Nd3 Bxd3 39. Kxd3 Rd6+
40. Kc3 Kxf2 41. g4 fxg4 42. Rxg4 h5 43. Rg5 Rh6 44. Rxc5 h4 45. Kb4 h3 46. Rc2+
Ke3 47. Rh2 Rh5 48. Kc4 Kf3 49. b4 Kg3 50. Rh1 h2 51. a4 Kg2 52. Ra1 h1=Q 53.
Rxh1 Kxh1 54. b5 Rh4+ 55. Kc5 Rxa4 0-1